02344nam a2200373 a 45000010008000000030004000080050017000120080041000290100017000700200022000870350021001090400022001300420014001520820016001662450349001822600054005313000021005855000036006065000057006425000080006995040041007795050741008206500029015616500032015906500032016226500032016547000023016867100031017097300063017409060045018039420012018489990015018609520095018752567891OSt20230620144623.0930614s1993 ja b 000 0 eng d a 95149461  a9280808214 (pbk.) a(OCoLC)28271618  aDGU-LcDGU-LdDLC alccopycat00a323.09bWEE04aThe Impact of technology on human rights :bglobal case-studies : studies on the affirmative use of science and technology for the furtherance of human rights, commissioned as a special project by the United Nations University, following a reference to the University by the United Nations Human Rights Commission /cedited by C.G. Weeramantry. aTokyo :bUnited Nations University Press,cc1993. a322 p. ;c24 cm. a"HRSTD-2/UNUP-821"--T.p. verso. a"United Nations sales no. E92.III.A.7."--T.p. verso. aSequel to: Human rights and scientific and technological development. 1990. aIncludes bibliographical references.0 aTechnological impacts on human rights: models of development, science and technology, and human rights / Jan Berting -- Democracy, human rights, and the impact of scientific and technological development in Venezuela / Edgardo Lander -- Technology and human rights: critical implications for Thailand / Vitit Muntarbhorn -- Human rights and technological development: Eastern Europe and Poland / Pawel Bozyk -- The impact of modern science and technology on human rights in Ethiopia / Tewolde Berhan Gebre Egziabher, assisted by Yoseph Gebre Egziabher and Sue Edwards -- Western European case-study: the impact of advanced methods of medical treatment on human rights / Aart Hendriks and Manfred Nowak -- Conclusions / C.G. Weeramantry. 0aSciencexSocial aspects. 0aTechnologyxSocial aspects. 0aCivil rightsxCase studies. 0aHuman rightsxCase studies.1 aWeeramantry, C. G.2 aUnited Nations University.0 aHuman rights and scientific and technological development. a7bcbcccopycatduencipf19gy-gencatlg 2ddccBK c1810d1810 00102ddc4070a002b002d2023-06-20l0o323.09 WEEp10002002r2023-06-20w2023-06-20yBK